| 000 | 00971cam a2200301 i 4500 | ||
|---|---|---|---|
| 001 | 17264401 | ||
| 003 | URS | ||
| 005 | 20220114153049.0 | ||
| 008 | 120420m20129999ph 000 0 eng | ||
| 010 | _a 2012325151 | ||
| 020 | _a9789715066532 (v. 2) | ||
| 040 |
_aDLC _erda _cDLC _dDLC _beng |
||
| 042 |
_alcode _apcc |
||
| 043 | _aa-ph--- | ||
| 050 | 0 | 0 |
_aGV1703.P6 _bV55 2012 |
| 100 | 1 | _aVillaruz, Basilio Esteban S. | |
| 245 | 1 | 0 |
_aWalking through Philippine theater Vol II/ _cBasilio Esteban S. Villaruz. |
| 264 | 1 |
_aEspaƱa, Manila, Philippines : _bUniversity of Santo Tomas Pub. House, _c2012- |
|
| 300 |
_avolume <1-3> ; _c23cm |
||
| 336 |
_atext _btxt _2rdacontent |
||
| 337 |
_aunmediated _bn _2rdamedia |
||
| 338 |
_avolume _bnc _2rdacarrier |
||
| 650 | 0 |
_aDance _zPhilippines. |
|
| 650 | 0 |
_aTheater _zPhilippines. |
|
| 906 |
_a7 _bcbc _corigode _d3 _encip _f20 _gy-gencatlg |
||
| 942 |
_2ddc _cF |
||
| 999 |
_c8099 _d8099 |
||